00422nam a22001457a 450000500170000000800410001702000220005804100130008008200130009310000130010624500420011926000580016130000310021965000260025020240619090751.0240619b |||||||| |||| 00| 0 eng d axvi, 1056 pages;  aEnglish  a349 LAW  lEnglish  aThe All England Law Reports: Reprint  aLondon: bButterworth and Co. Publishers Ltd, c1991  bxvi, 1056 pages; c25 cm.  aLegal practice bLaw